Japanese business etiquette : (Record no. 144882)

MARC details
000 -LEADER
fixed length control field 00900nam a2200253 a 4500
003 - CONTROL NUMBER IDENTIFIER
control field OSt
005 - DATE AND TIME OF LATEST TRANSACTION
control field 20240226121303.0
008 - FIXED-LENGTH DATA ELEMENTS--GENERAL INFORMATION
fixed length control field
020 ## - INTERNATIONAL STANDARD BOOK NUMBER
International Standard Book Number 0751506214 (hardback)
040 ## - CATALOGING SOURCE
Transcribing agency NUST
Original cataloging agency NUST
Language of cataloging eng
Modifying agency NUST
Description conventions rda
050 ## - LIBRARY OF CONGRESS CALL NUMBER
Classification number HF5389 ROW
100 1# - MAIN ENTRY--PERSONAL NAME
Personal name Rowland, Diana.
Relator term Author
245 10 - TITLE STATEMENT
Title Japanese business etiquette :
Remainder of title a practical guide to success with the Japanese /
Statement of responsibility, etc. Diana Rowland.
250 ## - EDITION STATEMENT
Edition statement New edition., updated and revised edition.
260 ## - PUBLICATION, DISTRIBUTION, ETC.
Place of publication, distribution, etc. London :
Name of publisher, distributor, etc. Warner,
Date of publication, distribution, etc. 1993.
300 ## - PHYSICAL DESCRIPTION
Extent xiii, 354 pages. :
Other physical details illustration;
Dimensions 18 cm
336 ## - CONTENT TYPE
Source rdaconted
Content type term text
Content type code txt
337 ## - MEDIA TYPE
Source rdamedia
Media type term unmediated
Media type code n
338 ## - CARRIER TYPE
Source rdacarriers
Carrier type term volume
Carrier type code nc
504 ## - BIBLIOGRAPHY, ETC. NOTE
Bibliography, etc. note Includes bibliographical references and indexes
650 #0 - SUBJECT ADDED ENTRY--TOPICAL TERM
Topical term or geographic name entry element Japan
General subdivision Social life and customs
Chronological subdivision 1945-
650 0# - SUBJECT ADDED ENTRY--TOPICAL TERM
Topical term or geographic name entry element Business
-- Etiquette
942 ## - ADDED ENTRY ELEMENTS (KOHA)
Koha item type Ordinary Loan Books
Call number prefix HF
Source of classification or shelving scheme Library of Congress Classification
Classification part HF5389
Call number suffix ROW
Suppress in OPAC No
Holdings
Withdrawn status Lost status Source of classification or shelving scheme Damaged status Not for loan Collection Home library Current library Shelving location Date acquired Cost, normal purchase price Total Checkouts Full call number Barcode Date last seen Accession number Cost, replacement price Price effective from Koha item type Public note
    LCC     NFIC MAIN MAIN GEN 01/23/2023 65.00 6 HF5389 ROW 92003003739 01/23/2023 96/495 65.00 01/23/2023 BOOKS Donation